000 00409nam a2200181Ia 4500
005 20240823050256.0
008 240823s9999||||xx |||||||||||||| ||und||
041 _aENGLISH
082 _A519.5 N3
100 _aSaxena H C
245 0 _aElementary Statistics
250 _a8th
260 _c1993
_b"S Chand,New Delhi"
500 _aYES
650 _aMATHS
_bMathematics
942 _cBK
999 _c216876
_d216876